000 00308nam a2200121Ia 4500
008 190216s9999||||xx |||||||||||||| ||und||
100 _aJohn L O`Donnel&Amp; Milton S Goldberg
245 0 _aElements Of Finanancial Administration
260 _bNull
_c1964
300 _a681p
650 _aCommerce
942 _cBK
999 _c3848
_d3848